000
00323nam a2200145Ia 4500
100
_a
Gibson/Jerry D
942
_c
RB
654
_a
Communications
245
_a
The Communication Handbook
260
_b
Addison Wesley Pub
_a
Reading
_c
1996
082
_a
621.382
_b
GIB
300
_a
1598
546
_a
ENGLISH
999
_c
26510
_d
26510